| Tag |
First Indicator |
Second Indicator |
Subfields |
| LEADER |
00000cam a2200000 4500 |
| 001 |
in00000049781 |
| 005 |
20151007073748.0 |
| 008 |
750731s1961 dcua b 00000 eng u |
| 010 |
|
|
|a 61015364
|
| 035 |
|
|
|a (OCoLC)01494115
|
| 035 |
|
|
|9 AAF0324AM
|
| 040 |
|
|
|c FQG
|d CHS
|d TXA
|d UtOrBLW
|
| 041 |
1 |
|
|a eng
|a rus
|
| 049 |
|
|
|a TXAM
|c [337768]
|
| 050 |
0 |
0 |
|a QK756
|b .V323
|
| 082 |
0 |
|
|a 581.54
|
| 092 |
|
|
|a 581.54
|b V334w, 1961
|
| 100 |
1 |
|
|a Vasilʹev, I. M.
|q (Ivan Mitrofanovich),
|d 1891-
|
| 245 |
1 |
0 |
|a Wintering of plants /
|c Translated from the Russian by Royer and Roger, inc. Editor of English translation: Jacob Levitt.
|
| 264 |
|
1 |
|a Washington :
|b American Institute of Biological Science,
|c [1961]
|
| 300 |
|
|
|a 300 pages :
|b illustrations ;
|c 24 cm.
|
| 336 |
|
|
|a text
|b txt
|2 rdacontent
|
| 337 |
|
|
|a unmediated
|b n
|2 rdamedia
|
| 338 |
|
|
|a volume
|b nc
|2 rdacarrier
|
| 504 |
|
|
|a Includes bibliography.
|
| 650 |
|
0 |
|a Plants
|x Frost resistance.
|
| 650 |
|
0 |
|a Russian language
|x Translations into English.
|
| 999 |
|
|
|a MARS
|
| 999 |
f |
f |
|s 0c1e3a34-fd91-3ae4-b710-04e005f4deba
|i fb5e36a9-277c-3274-92b8-05b9b3028ca9
|t 0
|
| 952 |
f |
f |
|p ric
|a Texas A&M University
|b Rellis Campus
|c Joint Library Facility
|d Remote Storage
|t 0
|e QK756 .V323
|h Library of Congress classification
|i unmediated -- volume
|m A14800990943
|
| 998 |
f |
f |
|a QK756 .V323
|t 0
|l Remote Storage
|